[Event "Ufa Gumerov Memorial op"]
[Site "Ufa"]
[Date "2012.08.07"]
[Round "7"]
[White "Kulikov, Almaz"]
[Black "Kinzjabulatov, Renat"]
[Result "1-0"]
[WhiteElo "2201"]
[BlackElo "2046"]
[PlyCount "185"]
[EventDate "2012.08.01"]
[EventType "swiss"]
[EventRounds "9"]
[EventCountry "RUS"]
[SourceTitle "EXT 2013"]
[Source "ChessBase"]
[SourceDate "2012.11.22"]
[SourceVersion "1"]
[SourceVersionDate "2012.11.22"]
[SourceQuality "1"]

1. d4 Nf6 2. Nc3 c5 3. d5 g6 4. e4 d6 5. Nf3 Bg7 6. Be2 0-0 7. 0-0 e6 8. a4 exd5 9. exd5 Na6 10. Nd2 Nd7 11. Nb5 Nb6 12. Ne4 Nc7 13. Nbxd6 Nbxd5 14. Nxc8 Rxc8 15. Nxc5 b6 16. Nd3 Ne6 17. Bg4 f5 18. Bf3 Nf6 19. c3 Kh8 20. Nf4 Nc5 21. Be3 Qe7 22. Re1 Rcd8 23. Qc2 Rfe8 24. Re2 Nce4 25. Bxe4 Nxe4 26. f3 Nf6 27. Bxb6 axb6 28. Rxe7 Rxe7 29. a5 Bh6 30. g3 bxa5 31. Rxa5 Red7 32. Ra1 Rd2 33. Qa4 Rxb2 34. Rd1 Re8 35. Nd3 Rbe2 36. Qa1 Bg7 37. Re1 Rxe1+ 38. Nxe1 Nd5 39. Nd3 Bxc3 40. Qa4 Rd8 41. Qa6 Bg7 42. Qe6 Bf6 43. Qf7 Bg7 44. h4 Nf6 45. Nf4 Rd7 46. Qc4 Rd8 47. Ne6 Re8 48. Kg2 h6 49. Qc6 Kh7 50. Kh2 Re7 51. Qc8 Re8 52. Qc4 Re7 53. Kg2 Re8 54. Nf4 Re7 55. Qc2 Rf7 56. Kh3 h5 57. Ne6 Bh6 58. Qc4 Re7 59. Kg2 Bg7 60. Ng5+ Kh8 61. Qc8+ Ng8 62. Qc4 Bf6 63. Nh3 Be5 64. Qc6 Kg7 65. Ng5 Bf6 66. Ne6+ Kf7 67. Nc7 Kg7 68. Nd5 Rf7 69. Qe8 Rf8 70. Qe6 Rf7 71. Nf4 Re7 72. Qc8 Be5 73. Ne6+ Kf7 74. Ng5+ Kg7 75. Ne6+ Kf7 76. Qf8+ Kxe6 77. Qxg8+ Kf6 78. Kh3 Rg7 79. Qd8+ Ke6 80. g4 fxg4+ 81. fxg4 hxg4+ 82. Kxg4 Bf6 83. Qe8+ Be7 84. Kf4 Rf7+ 85. Ke4 Rg7 86. Qh8 Bf6 87. Qf8 Rd7 88. Qe8+ Re7 89. Qxg6 Rg7 90. Qh5 Rd7 91. Qg4+ Ke7 92. Kf5 Rd4 93. Qe2+ 1-0

[Event "Ufa Gumerov Memorial op"]
[Site "Ufa"]
[Date "2012.08.05"]
[Round "5"]
[White "Kulikov, Almaz"]
[Black "Zatokovenko, Igor"]
[Result "1-0"]
[WhiteElo "2201"]
[BlackElo "2273"]
[PlyCount "143"]
[EventDate "2012.08.01"]
[EventType "swiss"]
[EventRounds "9"]
[EventCountry "RUS"]
[SourceTitle "EXT 2013"]
[Source "ChessBase"]
[SourceDate "2012.11.22"]
[SourceVersion "1"]
[SourceVersionDate "2012.11.22"]
[SourceQuality "1"]

1. d4 d5 2. c4 c6 3. Nf3 Nf6 4. Nc3 Qb6 5. e3 Bf5 6. Qa4 e6 7. c5 Qc7 8. b4 Be7 9. Nh4 Bg6 10. h3 Bh5 11. g4 Nfd7 12. Ng2 Bg6 13. Nf4 e5 14. Nfxd5 cxd5 15. Nxd5 Qd8 16. Bg2 e4 17. Nf4 0-0 18. Nxg6 hxg6 19. Bxe4 Qc7 20. Bd2 Bf6 21. 0-0 Re8 22. Bg2 Nc6 23. b5 Ne7 24. Rac1 g5 25. Ba5 Qc8 26. Qa3 Ng6 27. c6 bxc6 28. Rxc6 Qb8 29. Rc7 Ndf8 30. Rb7 Qc8 31. Rc1 Qe6 32. Rc6 Be7 33. Rxe6 Bxa3 34. Rxe8 Rxe8 35. Rxa7 Bd6 36. Bb6 Ne6 37. Bc6 Rb8 38. Ra8 Ne7 39. Rxb8+ Bxb8 40. d5 Nf8 41. a4 Nfg6 42. a5 Ne5 43. Bc5 Nc8 44. Bb7 Nd6 45. Bc6 Nc8 46. a6 Nc4 47. d6 Bxd6 48. a7 Nxa7 49. Bxa7 Bc7 50. Bc5 Bb6 51. Bxb6 Nxb6 52. Kg2 Kf8 53. Kg3 Ke7 54. h4 gxh4+ 55. Kxh4 Ke6 56. Kg5 Nc4 57. Kf4 Nb6 58. Ke4 Nc8 59. f4 Nb6 60. Kd4 Kd6 61. e4 f6 62. e5+ fxe5+ 63. fxe5+ Ke6 64. Kc5 Na4+ 65. Kb4 Nb6 66. Ka5 Nc4+ 67. Ka6 Nxe5 68. Bg2 g5 69. b6 Nd7 70. b7 Ke5 71. Ka7 Kf4 72. Bc6 1-0

[Event "Ufa Gumerov Memorial op"]
[Site "Ufa"]
[Date "2012.08.02"]
[Round "2"]
[White "Kulikov, Almaz"]
[Black "Ermakov, Ivan"]
[Result "1-0"]
[WhiteElo "2201"]
[BlackElo "2001"]
[PlyCount "53"]
[EventDate "2012.08.01"]
[EventType "swiss"]
[EventRounds "9"]
[EventCountry "RUS"]
[SourceTitle "EXT 2013"]
[Source "ChessBase"]
[SourceDate "2012.11.22"]
[SourceVersion "1"]
[SourceVersionDate "2012.11.22"]
[SourceQuality "1"]

1. e4 c5 2. Nf3 d6 3. g3 g6 4. Bg2 Bg7 5. 0-0 Nc6 6. d3 e5 7. c3 Nge7 8. Be3 Be6 9. Na3 h6 10. d4 cxd4 11. cxd4 d5 12. dxe5 dxe4 13. Nd4 Bd5 14. Nxc6 bxc6 15. Qa4 Bxe5 16. Bxe4 Bxe4 17. Qxe4 Qd5 18. Qc2 Bg7 19. Bc5 Bf6 20. Rfe1 Rb8 21. Bxe7 Bxe7 22. Qc3 Rg8 23. Rad1 Qg5 24. Qxc6+ Kf8 25. Qc7 Rxb2 26. Rxe7 Qf6 27. Rxf7+ 1-0

[Event "Sterlitamak Rochinskiy op"]
[Site "Sterlitamak"]
[Date "2012.06.28"]
[Round "7"]
[White "Kulikov, Almaz"]
[Black "Zhitnikov, Sergey"]
[Result "1-0"]
[WhiteElo "2142"]
[BlackElo "2320"]
[PlyCount "109"]
[EventDate "2012.06.22"]
[EventType "swiss"]
[EventRounds "9"]
[EventCountry "RUS"]
[SourceTitle "EXT 2013"]
[Source "ChessBase"]
[SourceDate "2012.11.22"]
[SourceVersion "1"]
[SourceVersionDate "2012.11.22"]
[SourceQuality "1"]

1. d4 Nf6 2. c4 d6 3. Nc3 Nbd7 4. e4 e5 5. Nf3 c6 6. Be2 Be7 7. 0-0 0-0 8. h3 a6 9. Be3 b5 10. a3 Bb7 11. Qc2 Re8 12. Rfd1 Qc7 13. Rac1 exd4 14. Nxd4 Bf8 15. Nf5 Rad8 16. b4 Ne5 17. cxb5 cxb5 18. Qb1 Nc4 19. Nd5 Nxd5 20. exd5 Re5 21. Bxc4 bxc4 22. Rd4 c3 23. Qd3 Rc8 24. Bf4 Ree8 25. Qg3 Red8 26. Bg5 g6 27. Bf6 Qd7 28. Rf4 Re8 29. Qg5 h5 30. Bd4 Re5 31. Nh6+ Bxh6 32. Qxh6 c2 33. Re4 Qf5 34. Bxe5 dxe5 35. Qe3 f6 36. Qd3 Rd8 37. Re3 Qg5 38. Qxc2 Rc8 39. Qb1 Rxc1+ 40. Qxc1 Bxd5 41. Qc8+ Kg7 42. Qd7+ Bf7 43. Rc3 f5 44. Rc7 Qf6 45. Qe7 Qxe7 46. Rxe7 Kf6 47. Rc7 Bd5 48. Rc5 Ke6 49. g3 g5 50. h4 gxh4 51. gxh4 f4 52. Kf1 Kd6 53. Ke2 e4 54. Kd2 Ke5 55. Ra5 1-0

[Event "Sterlitamak Rochinskiy op"]
[Site "Sterlitamak"]
[Date "2012.06.26"]
[Round "5"]
[White "Kulikov, Almaz"]
[Black "Garifullin, Ildar"]
[Result "1-0"]
[WhiteElo "2142"]
[BlackElo "1948"]
[PlyCount "71"]
[EventDate "2012.06.22"]
[EventType "swiss"]
[EventRounds "9"]
[EventCountry "RUS"]
[SourceTitle "EXT 2013"]
[Source "ChessBase"]
[SourceDate "2012.11.22"]
[SourceVersion "1"]
[SourceVersionDate "2012.11.22"]
[SourceQuality "1"]

1. d4 d5 2. Nf3 Nf6 3. c4 e6 4. Nc3 Nbd7 5. Bg5 Be7 6. e3 0-0 7. cxd5 exd5 8. Bd3 c6 9. 0-0 Ne4 10. Bxe7 Qxe7 11. Qc2 Re8 12. Rae1 Nf8 13. Bxe4 dxe4 14. Nd2 b6 15. Qa4 b5 16. Qa5 Bf5 17. Ne2 h5 18. Rc1 Rac8 19. Rc5 Bg4 20. Re5 Qd7 21. Rxe8 Rxe8 22. Ng3 Qd5 23. Rc1 Nd7 24. h3 h4 25. Ngxe4 Bf5 26. Nc5 Nf6 27. Qa3 Bc8 28. Qb3 Qg5 29. Nf3 Qh5 30. Ne5 Nd5 31. Qd1 Qg5 32. Ne4 Qe7 33. Nc3 Nxc3 34. Rxc3 b4 35. Rc5 Bb7 36. Qa4 1-0

[Event "Sterlitamak Rochinskiy op"]
[Site "Sterlitamak"]
[Date "2012.06.23"]
[Round "2"]
[White "Vildanov, Ruslan"]
[Black "Kulikov, Almaz"]
[Result "1-0"]
[WhiteElo "1888"]
[BlackElo "2142"]
[PlyCount "77"]
[EventDate "2012.06.22"]
[EventType "swiss"]
[EventRounds "9"]
[EventCountry "RUS"]
[SourceTitle "EXT 2013"]
[Source "ChessBase"]
[SourceDate "2012.11.22"]
[SourceVersion "1"]
[SourceVersionDate "2012.11.22"]
[SourceQuality "1"]

1. e4 d6 2. d4 c6 3. Nc3 Nd7 4. f4 Qa5 5. Nf3 e5 6. Bd3 Ngf6 7. 0-0 Be7 8. Kh1 0-0 9. Be3 Re8 10. Nd2 exd4 11. Bxd4 Nc5 12. Nc4 Qc7 13. Bxc5 dxc5 14. e5 Nd5 15. Ne4 f6 16. exf6 Bxf6 17. Qh5 Be6 18. Ned6 g6 19. Nxe8 Rxe8 20. Qf3 b5 21. Ne5 Rf8 22. Qg3 Bg7 23. Rae1 c4 24. Be4 Nxf4 25. Rxf4 Rxf4 26. Qxf4 Bxe5 27. Qf3 Bxb2 28. Bxg6 hxg6 29. Rxe6 Kg7 30. Qe4 Bf6 31. Rxc6 Qd7 32. h3 a5 33. Rb6 Qd1+ 34. Kh2 Qd2 35. Qb7+ Kh6 36. Rxf6 Qxc2 37. Rf7 Qd2 38. Rh7+ Kg5 39. Qe7+ 1-0

[Event "Sterlitamak Rochinskiy op"]
[Site "Sterlitamak"]
[Date "2012.06.22"]
[Round "1"]
[White "Kulikov, Almaz"]
[Black "Porshina, Ekaterina"]
[Result "1-0"]
[WhiteElo "2142"]
[BlackElo "1769"]
[PlyCount "77"]
[EventDate "2012.06.22"]
[EventType "swiss"]
[EventRounds "9"]
[EventCountry "RUS"]
[SourceTitle "EXT 2013"]
[Source "ChessBase"]
[SourceDate "2012.11.22"]
[SourceVersion "1"]
[SourceVersionDate "2012.11.22"]
[SourceQuality "1"]

1. d4 d5 2. c4 e6 3. Nc3 Nf6 4. Bg5 Nbd7 5. e3 c6 6. cxd5 exd5 7. Bd3 Be7 8. Nge2 Nh5 9. Bxe7 Qxe7 10. Qc2 Nhf6 11. 0-0 0-0 12. Ng3 Re8 13. Rae1 Nf8 14. f3 Ng6 15. Nf5 Qc7 16. Nb5 Qb6 17. Nbd6 Rd8 18. Kh1 Bxf5 19. Nxf5 Qc7 20. e4 dxe4 21. fxe4 Qd7 22. e5 Nd5 23. Nd6 Rf8 24. Bc4 a6 25. Qe4 b5 26. Bxd5 cxd5 27. Qxd5 Qe6 28. Qe4 Ra7 29. d5 Qd7 30. Nf5 Re8 31. e6 fxe6 32. dxe6 Qc7 33. Qd5 Ne7 34. Nxe7+ Rxe7 35. Rf7 h6 36. Ref1 Rxf7 37. exf7+ Kf8 38. Qe4 Qc8 39. Qh7 1-0

[Event "Nabereznye Chelny op 8th"]
[Site "Nabereznye Chelny"]
[Date "2010.01.26"]
[Round "8"]
[White "Muzovatkin, Daniil"]
[Black "Kulikov, Almaz"]
[Result "0-1"]
[WhiteElo "1958"]
[BlackElo "2113"]
[PlyCount "76"]
[EventDate "2010.01.19"]
[EventType "swiss"]
[EventRounds "9"]
[EventCountry "RUS"]
[SourceTitle "CBM 134 Extra"]
[Source "ChessBase"]
[SourceDate "2010.03.03"]
[SourceVersion "1"]
[SourceVersionDate "2010.03.03"]
[SourceQuality "1"]

1. d4 Nf6 2. Nf3 e6 3. c4 b6 4. Nc3 Bb7 5. a3 Be7 6. Bg5 h6 7. Bh4 0-0 8. e3 d6 9. h3 Ne4 10. Bxe7 Qxe7 11. Nxe4 Bxe4 12. Bd3 f5 13. 0-0 Nd7 14. Bxe4 fxe4 15. Nd2 d5 16. Qb3 c6 17. Rac1 Rae8 18. Qa4 Nb8 19. f4 Kh8 20. Kh2 g5 21. fxg5 Qxg5 22. Rxf8+ Rxf8 23. Qxa7 Rg8 24. Rg1 Qxe3 25. Nf1 Qxd4 26. Qc7 Qxb2 27. Ne3 Qg7 28. Qd6 Nd7 29. cxd5 cxd5 30. Kh1 d4 31. Nc4 e5 32. g4 e3 33. Qe6 Nc5 34. Qxb6 Nd3 35. Nd6 Qf6 36. Qc7 Rf8 37. Nf5 e2 38. Qc4 e1Q 0-1

[Event "Moscow Beliaev Memorial 7th"]
[Site "Moscow"]
[Date "2006.12.23"]
[Round "8"]
[White "Kulikov, Almaz"]
[Black "Kovsharev, Valery"]
[Result "0-1"]
[WhiteElo "2012"]
[BlackElo "2326"]
[PlyCount "154"]
[EventDate "2006.12.16"]
[EventType "swiss"]
[EventRounds "9"]
[EventCountry "RUS"]
[SourceTitle "EXT 2008"]
[Source "ChessBase"]
[SourceDate "2007.11.25"]
[SourceVersion "1"]
[SourceVersionDate "2007.11.25"]
[SourceQuality "1"]

1. e4 e6 2. d4 d5 3. Nc3 Bb4 4. e5 c5 5. Nf3 Ne7 6. Be2 Nbc6 7. a3 Bxc3+ 8. bxc3 Qa5 9. 0-0 Bd7 10. Rb1 Qc7 11. Ne1 c4 12. f4 0-0-0 13. Nf3 Qa5 14. Bd2 f5 15. Qc1 Rdf8 16. Qb2 Qc7 17. a4 Na5 18. Qa3 Nec6 19. Ra1 h6 20. h4 Be8 21. Kf2 Rhg8 22. Rh1 Bh5 23. Qc1 Qd8 24. g3 Bg4 25. Be3 g6 26. Ng1 h5 27. Qb1 b6 28. Bc1 Rf7 29. Bf3 a6 30. Ra2 Rb7 31. Ba3 Rgg7 32. Ne2 Na7 33. Bb4 N5c6 34. Qa1 a5 35. Bd6 Rgd7 36. Ba3 b5 37. axb5 Rxb5 38. Rb1 Rdb7 39. Rab2 Qc7 40. Nc1 Rxb2 41. Rxb2 Rxb2 42. Qxb2 Qb7 43. Qa2 Nb5 44. Bb2 Qb6 45. Ne2 Kc7 46. Ba1 Kb7 47. Qa4 Ka6 48. Qa2 Qb7 49. Bb2 Qe7 50. Qa4 Nca7 51. Nc1 Kb6 52. Ke3 Nc6 53. Kf2 Qa7 54. Ba3 Nxa3 55. Qxa3 Qe7 56. Qa4 Na7 57. Na2 Nb5 58. Bg2 Qa3 59. Qxa3 Nxa3 60. Ke1 Nxc2+ 61. Kd2 Na3 62. Kc1 Nb5 63. Kb2 Bd1 64. Bf1 Bb3 65. Nc1 a4 66. Ne2 a3+ 67. Kc1 a2 68. Kb2 Bd1 69. Nc1 a1Q+ 70. Kxa1 Nxc3 71. Kb2 Nb5 72. Be2 Ba4 73. Na2 Nxd4 74. Nc3 Bc6 75. Bd1 Kc5 76. Na2 Bb5 77. Nc3 Nc6 0-1

[Event "Moscow Beliaev Memorial 7th"]
[Site "Moscow"]
[Date "2006.12.19"]
[Round "4"]
[White "Kulikov, Almaz"]
[Black "Alyautdinov, Rushan"]
[Result "1/2-1/2"]
[WhiteElo "2012"]
[BlackElo "2167"]
[PlyCount "109"]
[EventDate "2006.12.16"]
[EventType "swiss"]
[EventRounds "9"]
[EventCountry "RUS"]
[SourceTitle "EXT 2008"]
[Source "ChessBase"]
[SourceDate "2007.11.25"]
[SourceVersion "1"]
[SourceVersionDate "2007.11.25"]
[SourceQuality "1"]

1. d4 c5 2. d5 e5 3. c4 d6 4. e4 Be7 5. Nf3 Bg4 6. Nc3 Bxf3 7. Qxf3 Bg5 8. Bd3 Bxc1 9. Rxc1 Ne7 10. 0-0 0-0 11. Qe3 Nd7 12. g3 g6 13. f4 f5 14. fxe5 Nxe5 15. exf5 Nxd3 16. Qxd3 Nxf5 17. Rce1 Re8 18. Rxe8+ Qxe8 19. Ne4 Qe5 20. b3 Re8 21. g4 Qxe4 22. Qxe4 Rxe4 23. gxf5 g5 24. Rf2 Kf7 25. f6 Rf4 26. Re2 Rxf6 27. Kg2 a6 28. a4 h6 29. Re3 h5 30. Re2 g4 31. Re3 h4 32. a5 Rf4 33. Re6 Rf3 34. Rxd6 h3+ 35. Kg1 Rxb3 36. Rd7+ Ke8 37. Rg7 Rb1+ 38. Kf2 Rb2+ 39. Kg3 Rg2+ 40. Kh4 Rxh2 41. Rxg4 Ra2 42. Kxh3 Rxa5 43. Rg8+ Kf7 44. Rc8 Ke7 45. Rc7+ Kd6 46. Rxb7 Ra4 47. Rb6+ Kd7 48. Rb7+ Kc8 49. Rb6 Rxc4 50. Rxa6 Kd7 51. Rc6 Rc1 52. Kg2 c4 53. Kf2 c3 54. Ke2 c2 55. Kd2 1/2-1/2